00278nam a22001217a 4500003000400000008004100004020001800045100001700063245002100080250001100101260003600112300000800148OSt240223b |||||||| |||| 00| 0 eng d a9781781257012 aHOLIDAY,Ryan aEgo is the Enemy a1st Ed aLondonbProfile Books Ltdc2016 a226